00710nam a2200205 a 450000100100000000500170001000800410002704000250006808200150009310000280010824500780013626000520021430000210026649000430028750000430033050000350037370000270040870000260043583000430046100002286620200930021838.0101119s1941 ag r 000 0 spa d aDO-SdBNPbspacBNPHU axxxxbK1671 aKant, Manueld1724-174010aManuel Kant /cCompilación J. Zhitlovsky ; traducción León Dujovne. aBuenos Aires, Argentina :bSudamericana,c1941. a189 p. ;c18 cm.1 abrevarios del pensamiento filosófico aIncluye notas al pie de las páginas. aIncluye biografía del autor.1 aZhitlovsky, J.,ecomp.1 aDujovne, León,etr. 0abrevarios del pensamiento filosófico